Statistics for Cities in Montenegro

Click here to take the quiz!

General Stats

  • This quiz has been taken 1,697 times
  • The average score is 14 of 22

Answer Stats

PopulationCity% Correct
156169Podgorica
100%
10918Budva
88%
42368Bar
84%
6633Kotor
84%
75000Niksic
84%
12739Herceg Novi
81%
10828Ulcinj
76%
18742Cetinje
74%
14000Tivat
71%
65883Bijelo Polje
67%
40000Berane
63%
21377Pljevlja
61%
18472Danilovgrad
59%
1937Zabljak
56%
2747Kolasin
55%
3615Plav
55%
22693Rozaje
52%
4120Mojkovac
50%
1073Andrijevica
43%
1704Gusinje
41%
570Savnik
41%
1494Pluzine
39%

Score Distribution

Percentile by Number Answered

Percent of People with Each Score

Your Score History

You have not taken this quiz